| 000 | 01081nam a2200325Ia 4500 | ||
|---|---|---|---|
| 001 | Z_5670 | ||
| 003 | CHAP | ||
| 008 | 220113s2006 xx 000 0 und d | ||
| 010 | _a168772 | ||
| 020 | _a958-8203-20-1 \ 958-96086-7-1 (obrea completa) | ||
| 040 | _cCHAP | ||
| 082 | _a636.4 M36 | ||
| 245 |
_aManual de explotación y reproducción en porcinos / _ceditor Felipe Durán Ramírez; colaborador Juan Carlos Roldán G.; fotografía Luis Felipe Durán Naranjo ... [et. al.] |
||
| 260 |
_aColombia : _bGrupo Latino Editores, _c2006 |
||
| 300 | _a638 p. + 1 cd | ||
| 440 |
_aVolvamos al campo _9124898 |
||
| 503 | _aej.1: C/E \ ej.2: 262204 | ||
| 504 | _aBibliografía: p. 631 | ||
| 650 |
_aGanado porcino _xManejo _xManuales _9143039 |
||
| 650 |
_aGanado porcino _xReproducción _xManuales _9143040 |
||
| 700 |
_a Durán Naranjo, Luis Felipe, fot. _9143041 |
||
| 700 |
_a Roldán G. Juan Carlos, coalb. _9143042 |
||
| 700 | _aDurán Ramírez, Felipe, ed. | ||
| 901 | _a636.4 M36 | ||
| 902 | _aM | ||
| 910 | _a2006 | ||
| 942 | _c1 | ||
| 942 | _cc1 | ||
| 999 |
_c168772 _d168772 |
||